| 000 | 00715nam a22001937a 4500 | ||
|---|---|---|---|
| 999 |
_c13833 _d13833 |
||
| 003 | AR-CdUCM | ||
| 008 | 190416b ||||| |||| 00| 0 spa d | ||
| 040 |
_aMUNICIPALIDAD PROVINCIAL DEL CUSCO _cBIBLIOTECA MUNICIPAL DEL CUSCO |
||
| 082 |
_a581.2 / _bF39 _22ed. |
||
| 100 |
_aFernández Valiela, Manuel V. _932396 |
||
| 245 | _aIntroducción a la Fitopatología / | ||
| 260 |
_aBuenos Aires : _bTalleres Gráficos Gadola ; _c1952. |
||
| 300 |
_a872 páginas ; _c27cm |
||
| 505 | _aContenido: Reseña histórica -- Bacterias o schizomycetes -- Hongos o eumycetes -- Virus -- Fanerogamas parasitas... | ||
| 650 |
_aHongos _920447 |
||
| 650 |
_aBacterias _932397 |
||
| 942 |
_2ddc _cLIBROS |
||
| 945 |
_anom _d2019-04-16 |
||